| 000 | 01249-am-a2200301-a-4500 | ||
|---|---|---|---|
| 001 | 000056016 | ||
| 003 | AM-YEHGA | ||
| 005 | 20250617121436.0 | ||
| 008 | 950720s1985 mv ||||| |||| 00| 0 rus d | ||
| 040 | _aAM-YeHGA | ||
| 041 | 0 | _arus | |
| 100 | 1 | 0 | _aБарба, Никанор Ананьевич |
| 245 | 1 | 0 |
_aАзотсодержащие виниларены / _cН.А. Барба, А.П. Доня, А.М. Шур ; Отв. ред. Г. М. Петов. |
| 260 | 0 |
_aКишинев : _bШтиинца, _c1985. |
|
| 300 |
_a190 с. : _bил. ; _c21 см. |
||
| 500 | _aամբողջապես կամ մեկ օրացույցային տարվա ընթացքում հրատարակվող մենագրություն 1985 | ||
| 500 | _aայլ | ||
| 500 | _aВ надзаг.: Кишин. гос. ун-т им. В. И. Ленина, Хим. фак. | ||
| 650 | 1 | 4 | _aВинилнафталин, производные |
| 650 | 1 | 4 | _aПолимеризация |
| 650 | 4 | _aСинтез | |
| 650 | 1 | 4 | _aСтирол, производные |
| 700 | 1 | _aДоня, Александр Пантелеевич | |
| 700 | 1 | _aШур, Альфред Максович | |
| 700 | 1 |
_aПетров, Г.М. _4edt _eред. |
|
| 942 |
_2udc _cBK |
||
| 090 | _c16080 | ||
| 999 |
_c15963 _d15963 |
||